Wilhelm Tegetthoff correspondence, (Record no. 41015)

MARC details
000 -LEADER
fixed length control field 00871cpcaa2200253 a 4500
001 - CONTROL NUMBER
control field mm 79001906
003 - CONTROL NUMBER IDENTIFIER
control field DLC
005 - DATE AND TIME OF LATEST TRANSACTION
control field 20260227111639.0
008 - FIXED-LENGTH DATA ELEMENTS--GENERAL INFORMATION
fixed length control field 800102|||||||||||| eng
010 ## - LIBRARY OF CONGRESS CONTROL NUMBER
LC control number mm 79001906
040 ## - CATALOGING SOURCE
Original cataloging agency DLC
Transcribing agency DLC
Description conventions dacs
Modifying agency DLC
072 #7 - SUBJECT CATEGORY CODE
Subject category code W
Source lcmd
100 1# - MAIN ENTRY--PERSONAL NAME
Personal name Tegetthoff, Wilhelm.
245 00 - TITLE STATEMENT
Title Wilhelm Tegetthoff correspondence,
Inclusive dates 1867 August 4.
300 ## - PHYSICAL DESCRIPTION
Extent 1
Type of unit item.
506 0# - RESTRICTIONS ON ACCESS NOTE
Terms governing access Open to research.
520 8# - SUMMARY, ETC.
Summary, etc. ALS (Washington, D.C.) from Tegetthoff.
545 0# - BIOGRAPHICAL OR HISTORICAL DATA
Biographical or historical data Austrian naval officer.
546 ## - LANGUAGE NOTE
Language note Collection material in English.
580 ## - LINKING ENTRY COMPLEXITY NOTE
Linking entry complexity note Forms part of: Miscellaneous Manuscripts collection.
610 10 - SUBJECT ADDED ENTRY--CORPORATE NAME
Corporate name or jurisdiction name as entry element Austria.
Subordinate unit Kriegsmarine
General subdivision Officers.
656 #7 - INDEX TERM--OCCUPATION
Occupation Naval officers, Austrian.
Source of term itoamc

No items available.

Powered by Koha